| 000 | 00894nam a22003490a 4500 | ||
|---|---|---|---|
| 001 | UByD001280 | ||
| 003 | AR-LpoUNG | ||
| 005 | 20230104094217.0 | ||
| 008 | 221223s1985||||ag |||||||||||||||||spa d | ||
| 020 | _a9502513061 | ||
| 040 |
_aAR-LpoUNG _bspa _cAR-LpoUNG _eaacr |
||
| 041 | 0 | _aspa | |
| 044 | _aag | ||
| 082 | 0 | _a980.02 157tra | |
| 100 | 1 | _aHalperin Donghi, Tulio | |
| 245 | 1 | 0 | _aTradición política española e ideología revolucionaria de Mayo |
| 260 |
_aBuenos Aires : _bEUDEBA, _c1985. |
||
| 300 | _a120 p. | ||
| 650 | 4 | _aHISTORIA | |
| 650 | 4 | _aAMERICA LATINA | |
| 650 | 4 | _aESPAÑA | |
| 650 | 4 | _aTEORIA POLITICA | |
| 650 | 4 | _aCIENCIA POLITICA | |
| 650 | 4 | _aSISTEMAS POLITICOS | |
| 650 | 4 | _aMONARQUIA | |
| 650 | 4 | _aCOLONIALISMO | |
| 650 | 4 | _aREVOLUCION | |
| 650 | 4 | _aCAMBIO SOCIAL | |
| 650 | 4 | _aDOCTRINA POLITICA | |
| 905 | _a37587 | ||
| 942 |
_cLIB _2ddc |
||
| 999 |
_c63853 _d63853 |
||